Sevigniana, ou Recueil de pensées ingénieuses, d'anecdotes littéraires, historiques et morales /

Bibliographic Details
Main Author: Sévigné, Marie de Rabutin-Chantal, marquise de, 1626-1696
Other Authors: Barral, Pierre, -1772
Format: Book
Language:French
Published: A Auxerre : Se trouve à Paris : De l'Imprimerie de L. Fournier. ; Chez Musier ..., Durand pere & fils ... [et] Colas ..., M. DCC. LXXXVIII. [1788]
Subjects:

MARC

Tag First Indicator Second Indicator Subfields
LEADER 00000cam a2200000La 4500
001 in00002440586
005 20151111043607.0
008 860529s1788 fr 000 0 fre d
035 |a (OCoLC)ocm14070489 
035 |a (OCoLC)14070489 
040 |a RBN  |c RBN  |d OCLCQ  |d OCLCG  |d TEF  |d TXA  |d UtOrBLW 
049 |a TXAM 
050 1 4 |a PQ1925  |b .A6 1788 
090 |a PQ1925.A6  |b S48 1788 
100 1 |a Sévigné, Marie de Rabutin-Chantal,  |c marquise de,  |d 1626-1696. 
245 1 0 |a Sevigniana, ou Recueil de pensées ingénieuses, d'anecdotes littéraires, historiques et morales /  |c tirées des lettres de Madame la marquise de Sevigné, avec des remarques pour l'intelligence du texte. 
264 1 |a A Auxerre :  |b De l'Imprimerie de L. Fournier. ;  |a Se trouve à Paris :  |b Chez Musier ..., Durand pere & fils ... [et] Colas ...,  |c M. DCC. LXXXVIII. [1788] 
300 |a viij, 388 pages ;  |c 16 cm. 
336 |a text  |b txt  |2 rdacontent 
337 |a unmediated  |b n  |2 rdamedia 
338 |a volume  |b nc  |2 rdacarrier 
500 |a Compilation attributed to the abbé Pierre Barral by BN, BM, Barbier, and others. 
510 4 |a BN,  |c v. 171, column 553. 
600 1 0 |a Sévigné, Marie de Rabutin-Chantal,  |c marquise de,  |d 1626-1696  |v Correspondence. 
650 0 |a Authors, French  |y 17th century  |v Correspondence. 
700 1 |a Barral, Pierre,  |d -1772. 
740 0 |a Recueil de pensées ingenieuses, d'anecdotes littéraires, historiques et morales. 
948 |a cataloged  |b h  |c 2010/1/4  |d c  |e hgolay  |f 2:42:19 pm 
994 |a C0  |b TXA 
999 |a MARS 
999 f f |s f097e6eb-92a9-37f3-84ad-8afab1e0cc69  |i 6f8a8789-02db-3418-ba87-eccd241da8dc  |t 0 
952 f f |p noncirc  |a Texas A&M University  |b College Station  |c Cushing Memorial Library & Archives  |d Cushing: Dawson French (Does not check out)  |t 0  |e PQ1925.A6 S48 1788  |h Library of Congress classification  |i unmediated -- volume 
998 f f |a PQ1925.A6 S48 1788  |t 0  |l Cushing: Dawson French (Does not check out)